[Event "4. Moscu Open 2008"]
[Site "Moscu RUS"]
[Date "2008.02.02"]
[Round "1.1"]
[White "Akopian, Vladimir"]
[Black "Moskalenko, Alexander"]
[Result "1/2-1/2"]
[WhiteElo "2700"]
[BlackElo "2402"]
[PlyCount "91"]
[EventDate "2008.02.02"]
[EventType "swiss"]
[EventRounds "9"]
[EventCountry "RUS"]
[Source "lmi"]
[SourceDate "2008.02.02"]

1. d4 Nf6 2. c4 g6 3. g3 Bg7 4. Bg2 d6 5. Nc3 O-O 6. Nf3 c5 7. O-O Nc6 8. d5
Na5 9. Nd2 a6 10. Rb1 Rb8 11. b3 b5 12. Bb2 e5 13. Qc2 Bh6 14. f4 exf4 15. gxf4
Nh5 16. e3 f5 17. Bf3 Nf6 18. Rbe1 Qb6 19. Ba1 Bd7 20. Ne2 bxc4 21. bxc4 Rbe8
22. e4 fxe4 23. Nxe4 Bg7 24. N2g3 Nxe4 25. Bxe4 Qb4 26. Bxg7 Kxg7 27. f5 Bxf5
28. Qc1 Qxc4 29. Bxf5 Qxc1 30. Rxc1 gxf5 31. Nxf5+ Kg6 32. Nxd6 Rxf1+ 33. Kxf1
Rd8 34. Rxc5 Rxd6 35. Rxa5 Kf5 36. Kf2 Ke4 37. Kg3 Kf5 38. h3 Rg6+ 39. Kf3 Rb6
40. h4 Rb4 41. Kg3 Rb6 42. Kf3 Rb4 43. h5 Rh4 44. d6+ Ke6 45. Rb5 Kd7 46. Ra5
1/2-1/2

[Event "4. Moscu Open 2008"]
[Site "Moscu RUS"]
[Date "2008.02.02"]
[Round "1.2"]
[White "Okara, Andrey"]
[Black "Inarkiev, Ernesto"]
[Result "1-0"]
[WhiteElo "2402"]
[BlackElo "2681"]
[PlyCount "109"]
[EventDate "2008.02.02"]
[EventType "swiss"]
[EventRounds "9"]
[EventCountry "RUS"]
[Source "lmi"]
[SourceDate "2008.02.02"]

1. e4 c5 2. Nf3 e6 3. d4 cxd4 4. Nxd4 Nc6 5. Nc3 d6 6. Be2 Nf6 7. O-O Be7 8.
Kh1 O-O 9. f4 Qc7 10. f5 a6 11. g4 Nxd4 12. Qxd4 Nd7 13. g5 Re8 14. fxe6 fxe6
15. Bc4 Ne5 16. Bb3 Bd7 17. Bf4 Bf8 18. Rad1 Bc6 19. Qe3 b5 20. Qh3 Qe7 21. g6
Nxg6 22. Bxd6 Qg5 23. Bxe6+ Kh8 24. Rf5 Qh4 25. Rxf8+ Rxf8 26. Qxh4 Nxh4 27.
Bxf8 Rxf8 28. Bd5 Be8 29. Kg1 b4 30. Ne2 Bh5 31. Rf1 Nf3+ 32. Kh1 Rc8 33. c4
Nd2 34. Rd1 Nxe4 35. Bxe4 Bxe2 36. Bb7 Rf8 37. Rd4 g5 38. Kg2 a5 39. c5 h5 40.
Rd2 Bf1+ 41. Kg1 Bh3 42. Bg2 Bxg2 43. Kxg2 Rf6 44. Rc2 Rc6 45. Kf3 Kg7 46. Ke4
Kf6 47. Kd5 Rc8 48. Kd6 g4 49. Kd7 Rg8 50. c6 h4 51. c7 Ke5 52. c8=Q Rxc8 53.
Rxc8 g3 54. hxg3 hxg3 55. Kc6 1-0

[Event "4. Moscu Open 2008"]
[Site "Moscu RUS"]
[Date "2008.02.02"]
[Round "1.3"]
[White "Zvjaginsev, Vadim"]
[Black "Slugin, Sergey"]
[Result "1-0"]
[WhiteElo "2677"]
[BlackElo "2402"]
[PlyCount "63"]
[EventDate "2008.02.02"]
[EventType "swiss"]
[EventRounds "9"]
[EventCountry "RUS"]
[Source "lmi"]
[SourceDate "2008.02.02"]

1. e4 c6 2. d4 d5 3. f3 g6 4. Nc3 Bg7 5. Be3 Qb6 6. Qd2 Qxb2 7. Rb1 Qa3 8. Bd3
dxe4 9. fxe4 e5 10. Bc4 Nf6 11. Nf3 exd4 12. Bxd4 O-O 13. O-O Qe7 14. e5 Ng4
15. h3 Nh6 16. Ne4 b6 17. Be3 Nf5 18. Bg5 Qc7 19. g4 Ne7 20. Nf6+ Kh8 21. Qf2
Ng8 22. Nxh7 Kxh7 23. Qh4+ Nh6 24. Bxh6 Bxh6 25. g5 Bf5 26. Qxh6+ Kg8 27. Rbd1
Qe7 28. Rd6 Rd8 29. Bxf7+ Kxf7 30. Qh7+ Kf8 31. Qh8+ Kf7 32. Rf6+ 1-0

[Event "4. Moscu Open 2008"]
[Site "Moscu RUS"]
[Date "2008.02.02"]
[Round "1.4"]
[White "Chernobay, Artem"]
[Black "Timofeev, Artyom"]
[Result "0-1"]
[WhiteElo "2401"]
[BlackElo "2664"]
[PlyCount "58"]
[EventDate "2008.02.02"]
[EventType "swiss"]
[EventRounds "9"]
[EventCountry "RUS"]
[Source "lmi"]
[SourceDate "2008.02.02"]

1. e4 c5 2. Nf3 d6 3. d4 cxd4 4. Nxd4 Nf6 5. Nc3 e6 6. Be3 Nc6 7. Be2 Be7 8.
O-O O-O 9. f4 e5 10. Nf5 Bxf5 11. exf5 exf4 12. Rxf4 d5 13. Kh1 Re8 14. Bg1 Bb4
15. Bf3 Qd6 16. Rh4 Qe7 17. g3 Bxc3 18. bxc3 Rad8 19. Bg2 h6 20. Qd3 b6 21. a4
Ne4 22. c4 Qf6 23. Rf1 Ne5 24. Qd4 Nxc4 25. Qxf6 Nxf6 26. Bd4 Ne3 27. Bxf6 gxf6
28. Rf2 Rc8 29. Rd4 Nxc2 0-1

[Event "4. Moscu Open 2008"]
[Site "Moscu RUS"]
[Date "2008.02.02"]
[Round "1.6"]
[White "Aleshin, Oleg"]
[Black "Tiviakov, Sergei"]
[Result "0-1"]
[WhiteElo "2398"]
[BlackElo "2649"]
[PlyCount "80"]
[EventDate "2008.02.02"]
[EventType "swiss"]
[EventRounds "9"]
[EventCountry "RUS"]
[Source "lmi"]
[SourceDate "2008.02.02"]

1. d4 Nf6 2. Nf3 e6 3. c4 b6 4. g3 Bb7 5. Bg2 Be7 6. Nc3 Na6 7. O-O O-O 8. b3
d5 9. Bb2 c6 10. Rc1 Rc8 11. Ne5 Nd7 12. Nxd7 Qxd7 13. e4 Nc7 14. Re1 Rfd8 15.
Rc2 Bf8 16. Rd2 dxc4 17. bxc4 b5 18. cxb5 cxb5 19. d5 b4 20. Ne2 Nb5 21. Qb3
exd5 22. exd5 a5 23. h4 Nd6 24. Ba1 Re8 25. Rdd1 Ba6 26. Nf4 Rxe1+ 27. Rxe1 Bc4
28. Qb2 Re8 29. Rxe8 Qxe8 30. Nh5 f6 31. Nxf6+ gxf6 32. Qxf6 Qg6 33. Qh8+ Kf7
34. h5 Qf5 35. Qd4 Be2 36. Kh2 Qxh5+ 37. Bh3 Qh6 38. Kg2 Bf1+ 39. Kxf1 Qxh3+
40. Ke2 Qf5 0-1

[Event "4. Moscu Open 2008"]
[Site "Moscu RUS"]
[Date "2008.02.02"]
[Round "1.7"]
[White "Miroshnichenko, Evgenij"]
[Black "Peregudov, Nickolai"]
[Result "1-0"]
[WhiteElo "2647"]
[BlackElo "2398"]
[PlyCount "71"]
[EventDate "2008.02.02"]
[EventType "swiss"]
[EventRounds "9"]
[EventCountry "RUS"]
[Source "lmi"]
[SourceDate "2008.02.02"]

1. d4 Nf6 2. Nf3 d6 3. c4 c6 4. Nc3 Nbd7 5. e4 e5 6. Be2 Be7 7. O-O O-O 8. Rb1
Re8 9. d5 c5 10. Ne1 a6 11. a3 h6 12. b4 Qc7 13. Qb3 b6 14. Nd3 Rb8 15. Be3 Nh7
16. Qa4 Bb7 17. Rb2 Bg5 18. Bxg5 hxg5 19. bxc5 dxc5 20. Rfb1 g6 21. Bg4 f5 22.
exf5 Nhf6 23. f3 e4 24. Nf2 exf3 25. fxg6 Qe5 26. Nce4 b5 27. cxb5 Bxd5 28.
gxf3 axb5 29. Rxb5 Rxb5 30. Qxb5 Bxe4 31. Bxd7 Bxb1 32. Bxe8 Qe1+ 33. Kg2 Nxe8
34. Ne4 Nf6 35. Qb3+ Kh8 36. Qb2 1-0

[Event "4. Moscu Open 2008"]
[Site "Moscu RUS"]
[Date "2008.02.02"]
[Round "1.8"]
[White "Tonoian, Armen"]
[Black "Areshchenko, Alexander"]
[Result "0-1"]
[WhiteElo "2398"]
[BlackElo "2645"]
[PlyCount "142"]
[EventDate "2008.02.02"]
[EventType "swiss"]
[EventRounds "9"]
[EventCountry "RUS"]
[Source "lmi"]
[SourceDate "2008.02.02"]

1. d4 Nf6 2. c4 g6 3. Nc3 Bg7 4. e4 O-O 5. Be2 d6 6. Nf3 Nbd7 7. O-O e5 8. Be3
Ng4 9. Bg5 f6 10. Bd2 Nh6 11. b4 Nf7 12. Qc2 c6 13. d5 c5 14. a3 Bh6 15. Rab1
Bxd2 16. Nxd2 b6 17. Nb3 Ba6 18. Nd1 Nh6 19. Qd2 Kg7 20. bxc5 dxc5 21. Ne3 f5
22. f3 f4 23. Nd1 Nf7 24. Nf2 h5 25. a4 g5 26. a5 Nd6 27. Qc3 Kf6 28. Rb2 Qc7
29. Ra1 Rfb8 30. Nd2 b5 31. cxb5 Bxb5 32. Bc4 Bxc4 33. Nxc4 Rxb2 34. Nxb2 c4
35. Nfd3 Rc8 36. Rc1 a6 37. Kf1 Qb8 38. Nf2 Qb5 39. Kg1 Nc5 40. Qa3 Qb3 41.
Qxb3 Nxb3 42. Rc3 Nxa5 43. Ra3 c3 44. Nbd3 Ndb7 45. Nc1 Ke7 46. Nfd3 Kd6 47.
Kf2 g4 48. Nb4 Rc4 49. Nc2 gxf3 50. gxf3 h4 51. Ne2 Rc7 52. Nxc3 h3 53. Ne1 Rc8
54. Ne2 Ra8 55. Ra4 Nb3 56. Nd3 a5 57. Nc3 Nd4 58. Rxd4 exd4 59. e5+ Kd7 60.
Na4 Ke7 61. Nxf4 Rc8 62. Nd3 Rc4 63. Ndb2 Rc2+ 64. Kg3 Nc5 65. d6+ Kd7 66.
Nxc5+ Rxc5 67. Kf4 Rc2 68. Na4 d3 69. Nb6+ Ke6 70. Ke3 Re2+ 71. Kxd3 Rxe5 0-1

[Event "4. Moscu Open 2008"]
[Site "Moscu RUS"]
[Date "2008.02.02"]
[Round "1.10"]
[White "Krivoborodov, Egor"]
[Black "Jobava, Baadur"]
[Result "0-1"]
[WhiteElo "2394"]
[BlackElo "2643"]
[PlyCount "54"]
[EventDate "2008.02.02"]
[EventType "swiss"]
[EventRounds "9"]
[EventCountry "RUS"]
[Source "lmi"]
[SourceDate "2008.02.02"]

1. e4 c6 2. d4 d5 3. exd5 cxd5 4. Bd3 Nc6 5. c3 Qc7 6. h3 Nf6 7. Ne2 e5 8. dxe5
Nxe5 9. Bf4 Bd6 10. Bxe5 Bxe5 11. Nd2 O-O 12. O-O Bh2+ 13. Kh1 Bd6 14. Nd4 a6
15. Re1 Bd7 16. Qf3 Rae8 17. Nf5 Be5 18. Nb3 g6 19. Nfd4 Qb6 20. Re2 Bb8 21.
Rxe8 Rxe8 22. Bf1 h5 23. Nc5 Bxh3 24. Na4 Qd6 25. Qxh3 Ne4 26. Kg1 Qf4 27. Nf3
Ba7 0-1

[Event "4. Moscu Open 2008"]
[Site "Moscu RUS"]
[Date "2008.02.02"]
[Round "1.11"]
[White "Moiseenko, Alexander"]
[Black "Polivanov, Anatoliy"]
[Result "1-0"]
[WhiteElo "2643"]
[BlackElo "2391"]
[PlyCount "63"]
[EventDate "2008.02.02"]
[EventType "swiss"]
[EventRounds "9"]
[EventCountry "RUS"]
[Source "lmi"]
[SourceDate "2008.02.02"]

1. d4 Nf6 2. c4 g6 3. Nc3 Bg7 4. e4 d6 5. f3 O-O 6. Bg5 c5 7. d5 e6 8. Qd2 exd5
9. cxd5 h6 10. Be3 Re8 11. Nge2 Nbd7 12. Nc1 a6 13. a4 Ne5 14. Be2 Nh7 15. O-O
h5 16. Bh6 Bh8 17. Nd3 Nc4 18. Qc1 Qf6 19. Nf2 Nxb2 20. Bd2 Nxa4 21. Rxa4 Bd7
22. Ra2 b5 23. Ncd1 b4 24. Rxa6 Rxa6 25. Bxa6 Ra8 26. Qc4 Qa1 27. Bb5 Bxb5 28.
Qxb5 Qa2 29. Bf4 Bd4 30. Bxd6 Qc2 31. Qb7 Ra1 32. Qb8+ 1-0

[Event "4. Moscu Open 2008"]
[Site "Moscu RUS"]
[Date "2008.02.02"]
[Round "1.12"]
[White "Kotenko, Pavel"]
[Black "Sutovsky, Emil"]
[Result "1/2-1/2"]
[WhiteElo "2390"]
[BlackElo "2642"]
[PlyCount "174"]
[EventDate "2008.02.02"]
[EventType "swiss"]
[EventRounds "9"]
[EventCountry "RUS"]
[Source "lmi"]
[SourceDate "2008.02.02"]

1. e4 c5 2. Nf3 d6 3. d4 cxd4 4. Nxd4 Nf6 5. Nc3 a6 6. g3 e6 7. Bg2 Be7 8. O-O
O-O 9. Be3 Qc7 10. f4 Nc6 11. Qe2 Bd7 12. Kh1 b5 13. a3 Nxd4 14. Bxd4 Bc6 15.
Rad1 Qb7 16. Bxf6 Bxf6 17. Rxd6 Bxc3 18. bxc3 Qc7 19. Rfd1 Rac8 20. e5 Bxg2+
21. Qxg2 Qa5 22. Qb7 Qxa3 23. Qxa6 Qxc3 24. Qxb5 Qf3+ 25. Kg1 Qe3+ 26. Kh1 Rxc2
27. Qf1 Qe4+ 28. Kg1 Qe3+ 29. Kh1 g6 30. Re1 Qa3 31. Re2 Qa8+ 32. Kg1 Rc3 33.
Red2 Rfc8 34. R6d3 Rc1 35. Rd1 R1c2 36. R3d2 Kg7 37. Qe2 R2c3 38. Rd3 h5 39. h4
Qa6 40. Kf2 Qa3 41. Kg2 Qb3 42. Kf2 R8c5 43. R1d2 Qb1 44. Rd1 Rc1 45. R3d2 R5c3
46. Kg2 Qb3 47. Rxc1 Rxc1 48. Kh2 Qb1 49. Qg2 Rc3 50. Rb2 Qf5 51. Rf2 Rc4 52.
Qf3 Rd4 53. Qg2 Rd3 54. Rd2 Rc3 55. Rf2 Qd3 56. Rd2 Qc4 57. Rf2 Re3 58. Rc2 Qb4
59. Re2 Rd3 60. Rb2 Qe1 61. Re2 Qd1 62. Rf2 Rc3 63. Rd2 Qc1 64. Rf2 Re3 65. Rc2
Qb1 66. Rb2 Qf5 67. Re2 Rc3 68. Rf2 Rc5 69. Rd2 Rc1 70. Rf2 Qb1 71. Rb2 Qa1 72.
Ra2 Qc3 73. Rf2 Rd1 74. Rc2 Qd4 75. Rf2 Rd3 76. Re2 Qa1 77. Ra2 Qd1 78. Rf2 Re3
79. Rd2 Qg4 80. Qh3 Re2+ 81. Rxe2 Qxe2+ 82. Qg2 Qa6 83. Qd2 Kf8 84. Kg2 Qa8+
85. Kf2 Qh1 86. Qd8+ Kg7 87. Qf6+ Kg8 1/2-1/2

[Event "4. Moscu Open 2008"]
[Site "Moscu RUS"]
[Date "2008.02.02"]
[Round "1.13"]
[White "Efimenko, Zahar"]
[Black "Onoprijchuk, Boris"]
[Result "1-0"]
[WhiteElo "2638"]
[BlackElo "2390"]
[PlyCount "89"]
[EventDate "2008.02.02"]
[EventType "swiss"]
[EventRounds "9"]
[EventCountry "RUS"]
[Source "lmi"]
[SourceDate "2008.02.02"]

1. e4 c5 2. Nf3 e6 3. d4 cxd4 4. Nxd4 Nc6 5. Nc3 Qc7 6. Be2 a6 7. O-O Nf6 8.
Be3 Bb4 9. Na4 O-O 10. c4 Be7 11. Nc3 d6 12. Rc1 Nxd4 13. Qxd4 Nd7 14. Rfd1 Rd8
15. b4 Bf6 16. Qxd6 Qxd6 17. Rxd6 Be7 18. Rd3 Bxb4 19. Na4 Re8 20. c5 Ba5 21.
Nb6 Bxb6 22. cxb6 Nf6 23. f3 Bd7 24. Rc7 Bc6 25. Rd6 h6 26. Rdxc6 bxc6 27. b7
Rad8 28. Bxa6 Nd7 29. Ba7 Nb8 30. Bxb8 Rxb8 31. Rxc6 Kf8 32. Rc7 Re7 33. Rc8+
Re8 34. e5 Rd8 35. Kf2 Ke7 36. Ke3 f6 37. f4 g5 38. g3 gxf4+ 39. gxf4 fxe5 40.
fxe5 Kf7 41. a4 Kg6 42. a5 Kf5 43. Rxd8 Rxd8 44. Bd3+ Kxe5 45. a6 1-0

[Event "4. Moscu Open 2008"]
[Site "Moscu RUS"]
[Date "2008.02.02"]
[Round "1.15"]
[White "Najer, Evgeniy"]
[Black "Kostin, Alexey"]
[Result "1-0"]
[WhiteElo "2634"]
[BlackElo "2389"]
[PlyCount "65"]
[EventDate "2008.02.02"]
[EventType "swiss"]
[EventRounds "9"]
[EventCountry "RUS"]
[Source "lmi"]
[SourceDate "2008.02.02"]

1. e4 c5 2. Nf3 e6 3. d4 cxd4 4. Nxd4 a6 5. Bd3 Nf6 6. O-O Qc7 7. Qe2 d6 8. c4
Nbd7 9. b3 g6 10. Nc3 b5 11. Bb2 b4 12. Nd5 Nxd5 13. cxd5 e5 14. Nc6 Qb6 15. a3
bxa3 16. Bxa3 Bb7 17. Rfc1 Rc8 18. Rc4 Bxc6 19. dxc6 Nb8 20. Bc1 Nxc6 21. Be3
Qb7 22. Rcc1 Nb8 23. Rxc8+ Qxc8 24. Bxa6 Nxa6 25. Rxa6 f6 26. b4 Kf7 27. b5 Be7
28. Ra7 Qe6 29. b6 Rb8 30. Qb5 Qc8 31. h3 h5 32. b7 Qc7 33. Ra8 1-0

[Event "4. Moscu Open 2008"]
[Site "Moscu RUS"]
[Date "2008.02.02"]
[Round "1.16"]
[White "Reshetnikov, Alexey"]
[Black "Riazantsev, Alexander"]
[Result "0-1"]
[WhiteElo "2388"]
[BlackElo "2628"]
[PlyCount "72"]
[EventDate "2008.02.02"]
[EventType "swiss"]
[EventRounds "9"]
[EventCountry "RUS"]
[Source "lmi"]
[SourceDate "2008.02.02"]

1. e4 c6 2. d4 d5 3. Nc3 dxe4 4. Nxe4 Bf5 5. Ng3 Bg6 6. h4 h6 7. Nf3 Nd7 8. h5
Bh7 9. Bd3 Bxd3 10. Qxd3 e6 11. Bf4 Qa5+ 12. Bd2 Bb4 13. c3 Be7 14. c4 Qc7 15.
O-O-O Ngf6 16. Kb1 O-O 17. Ne4 Rad8 18. Qe2 Nxe4 19. Qxe4 Nf6 20. Qe2 c5 21.
dxc5 Bxc5 22. Ne1 Rd4 23. f3 Rfd8 24. Nc2 Rd3 25. Ne1 R3d6 26. Nc2 Qd7 27. Kc1
Qa4 28. Kb1 Rd3 29. b3 Rxb3+ 30. axb3 Qxb3+ 31. Kc1 Bd4 32. Nxd4 Rxd4 33. Bc3
Qxc3+ 34. Qc2 Qa1+ 35. Qb1 Qa3+ 36. Kc2 Rxc4+ 0-1

[Event "4. Moscu Open 2008"]
[Site "Moscu RUS"]
[Date "2008.02.02"]
[Round "1.17"]
[White "Kobalia, Mikhail"]
[Black "Ozolin, Maxim"]
[Result "1-0"]
[WhiteElo "2623"]
[BlackElo "2387"]
[PlyCount "93"]
[EventDate "2008.02.02"]
[EventType "swiss"]
[EventRounds "9"]
[EventCountry "RUS"]
[Source "lmi"]
[SourceDate "2008.02.02"]

1. e4 e6 2. d4 d5 3. Nd2 Nf6 4. e5 Nfd7 5. Bd3 c5 6. c3 Nc6 7. Ne2 cxd4 8. cxd4
f6 9. exf6 Nxf6 10. O-O Bd6 11. Nf3 Qc7 12. Bd2 O-O 13. Rc1 Bd7 14. Ng3 Rae8
15. Re1 Qb6 16. Bc3 Bf4 17. Rc2 Nd8 18. Qe2 a6 19. Ne5 Bb5 20. Bxb5 axb5 21.
Bb4 Qxd4 22. Bxf8 Rxf8 23. Nd3 Bd6 24. Rc8 Qh4 25. Nf1 Ne4 26. f3 Ng5 27. Qf2
Qh5 28. Ng3 Qh4 29. Ne5 Qb4 30. a3 Qf4 31. Nd7 Re8 32. Qe3 Qxe3+ 33. Rxe3 Ngf7
34. Nc5 Bxc5 35. Rxc5 Nd6 36. Rc7 Nc6 37. Nh5 Nc4 38. Rxg7+ Kf8 39. Re1 Re7 40.
Rxe7 Nxe7 41. Rxe6 Nxb2 42. Rb6 Nc4 43. Rxb5 Nxa3 44. Rxb7 Nc4 45. Nf6 h6 46.
Kf2 Nd6 47. Rd7 1-0

[Event "4. Moscu Open 2008"]
[Site "Moscu RUS"]
[Date "2008.02.02"]
[Round "1.18"]
[White "Kargin, Arseny"]
[Black "Volkov, Sergey"]
[Result "0-1"]
[WhiteElo "2386"]
[BlackElo "2623"]
[PlyCount "52"]
[EventDate "2008.02.02"]
[EventType "swiss"]
[EventRounds "9"]
[EventCountry "RUS"]
[Source "lmi"]
[SourceDate "2008.02.02"]

1. e4 e6 2. d4 d5 3. Nc3 Nf6 4. Bg5 Bb4 5. e5 h6 6. Bd2 Bxc3 7. bxc3 Ne4 8. Qg4
Kf8 9. Qf4 c5 10. Bd3 Nxd2 11. Qxd2 Nc6 12. Nf3 c4 13. Be2 Ke7 14. a4 Kd7 15.
O-O Kc7 16. Qc1 Bd7 17. Nd2 Rc8 18. Qb2 Kb8 19. Kh1 f6 20. exf6 gxf6 21. f4 e5
22. Nf3 exd4 23. cxd4 Qe7 24. Rf2 c3 25. Qxc3 Nb4 26. Qb3 Rxc2 0-1

[Event "4. Moscu Open 2008"]
[Site "Moscu RUS"]
[Date "2008.02.02"]
[Round "1.19"]
[White "Asrian, Karen"]
[Black "Gorbatov, Alexej"]
[Result "1-0"]
[WhiteElo "2621"]
[BlackElo "2384"]
[PlyCount "63"]
[EventDate "2008.02.02"]
[EventType "swiss"]
[EventRounds "9"]
[EventCountry "RUS"]
[Source "lmi"]
[SourceDate "2008.02.02"]

1. e4 e5 2. Nf3 Nc6 3. Bc4 Nf6 4. d3 Be7 5. O-O O-O 6. Re1 d6 7. c3 Na5 8. Bb5
Bd7 9. Bxd7 Qxd7 10. d4 Nc6 11. d5 Nd8 12. c4 Ne8 13. Nc3 g6 14. c5 Ng7 15. Qb3
Kh8 16. Bh6 f6 17. cxd6 cxd6 18. Qb5 Qc7 19. Rac1 Nf7 20. Na4 Qb8 21. Bd2 a6
22. Qd7 b5 23. Qxe7 bxa4 24. Qxf6 Qxb2 25. Rb1 Qxa2 26. Rb7 Kg8 27. g4 Ne8 28.
Qe7 g5 29. Bxg5 Qa3 30. Bh6 Ng7 31. Qf6 Ne8 32. Qe7 1-0

[Event "4. Moscu Open 2008"]
[Site "Moscu RUS"]
[Date "2008.02.02"]
[Round "1.20"]
[White "Orlinkov, Maxim L"]
[Black "Aleksandrov, Aleksej"]
[Result "1/2-1/2"]
[WhiteElo "2384"]
[BlackElo "2618"]
[PlyCount "69"]
[EventDate "2008.02.02"]
[EventType "swiss"]
[EventRounds "9"]
[EventCountry "RUS"]
[Source "lmi"]
[SourceDate "2008.02.02"]

1. d4 Nf6 2. c4 e6 3. g3 Bb4+ 4. Bd2 a5 5. Bg2 d5 6. Qc2 c6 7. Nf3 b6 8. O-O
O-O 9. Bg5 Be7 10. Nbd2 Bb7 11. Rad1 h6 12. Bxf6 Bxf6 13. e4 Nd7 14. Rfe1 Rc8
15. a3 Re8 16. b4 axb4 17. axb4 Be7 18. c5 Ba6 19. exd5 exd5 20. Bh3 bxc5 21.
dxc5 Rc7 22. Nd4 Bf8 23. N2f3 Nb8 24. Rxe8 Qxe8 25. Re1 Re7 26. Rxe7 Qxe7 27.
Qf5 g6 28. Qf4 Qe8 29. Qe5 Qd8 30. b5 Bxb5 31. Nxb5 cxb5 32. Qe2 Na6 33. c6 Nc7
34. Nd4 b4 35. Bf1 1/2-1/2

[Event "4. Moscu Open 2008"]
[Site "Moscu RUS"]
[Date "2008.02.02"]
[Round "1.21"]
[White "Guseinov, Gadir"]
[Black "Predein, Vladimir"]
[Result "1-0"]
[WhiteElo "2617"]
[BlackElo "2382"]
[PlyCount "67"]
[EventDate "2008.02.02"]
[EventType "swiss"]
[EventRounds "9"]
[EventCountry "RUS"]
[Source "lmi"]
[SourceDate "2008.02.02"]

1. e4 c5 2. Nc3 e6 3. Nf3 Nc6 4. d4 cxd4 5. Nxd4 Qc7 6. g3 a6 7. Bg2 d6 8. O-O
Bd7 9. Nb3 Be7 10. f4 b5 11. a3 Rb8 12. Be3 Nf6 13. Kh1 h5 14. h3 Bc8 15. Qe2
Bb7 16. Rae1 b4 17. axb4 Nxb4 18. Nd4 g6 19. Bg1 e5 20. Nf3 h4 21. gxh4 Nh5 22.
Bh2 exf4 23. Qd2 O-O 24. Bxf4 Nxf4 25. Qxf4 Nxc2 26. Re2 Nb4 27. h5 Kg7 28. Nd5
Nxd5 29. exd5 Qd8 30. Nd4 Bg5 31. Qg3 Bf6 32. hxg6 Bxd4 33. gxf7+ Kh8 34. Re4
1-0

[Event "4. Moscu Open 2008"]
[Site "Moscu RUS"]
[Date "2008.02.02"]
[Round "1.22"]
[White "Kalashnikov, Konstantin"]
[Black "Macieja, Bartlomiej"]
[Result "1-0"]
[WhiteElo "2381"]
[BlackElo "2617"]
[PlyCount "91"]
[EventDate "2008.02.02"]
[EventType "swiss"]
[EventRounds "9"]
[EventCountry "RUS"]
[Source "lmi"]
[SourceDate "2008.02.02"]

1. d4 Nf6 2. c4 e6 3. Nf3 Bb4+ 4. Nbd2 b6 5. e3 Bb7 6. Bd3 c5 7. a3 Bxd2+ 8.
Bxd2 d6 9. O-O Nbd7 10. Qe2 e5 11. dxe5 dxe5 12. e4 O-O 13. Rad1 Re8 14. Bc2
Qc7 15. Bc3 Re6 16. Rd2 Nb8 17. Nxe5 Rxe5 18. Bxe5 Qxe5 19. f4 Qe7 20. e5 Nfd7
21. Be4 Nc6 22. Qf3 Ndxe5 23. fxe5 Nxe5 24. Qe2 Bxe4 25. Qxe4 Re8 26. Qd5 g6
27. h3 Kg7 28. Kh1 f6 29. b3 Rf8 30. Qe4 Qc7 31. Rfd1 Rf7 32. Rd6 Qc8 33. Rd8
Qa6 34. a4 Qa5 35. Qe3 Qa6 36. Re8 Nc6 37. Rd6 Qb7 38. Qf4 Nd4 39. Rdd8 g5 40.
Rg8+ Kh6 41. Rxg5 fxg5 42. Rd6+ Ne6 43. Rxe6+ Kg7 44. Qxg5+ Kf8 45. Qh6+ Rg7
46. Qf6+ 1-0

[Event "4. Moscu Open 2008"]
[Site "Moscu RUS"]
[Date "2008.02.02"]
[Round "1.24"]
[White "Soltanici, Ruslan"]
[Black "Rodshtein, Maxim"]
[Result "1/2-1/2"]
[WhiteElo "2379"]
[BlackElo "2614"]
[PlyCount "63"]
[EventDate "2008.02.02"]
[EventType "swiss"]
[EventRounds "9"]
[EventCountry "RUS"]
[Source "lmi"]
[SourceDate "2008.02.02"]

1. e4 c6 2. d4 d5 3. exd5 cxd5 4. c4 Nf6 5. Nc3 e6 6. Nf3 Bb4 7. cxd5 Nxd5 8.
Bd2 Nc6 9. Bd3 Be7 10. O-O O-O 11. Qe2 Nf6 12. Ne4 Nxe4 13. Qxe4 g6 14. Rad1
Bf6 15. Bh6 Bg7 16. Bxg7 Kxg7 17. Bc4 Qf6 18. Ne5 Qf5 19. Qe3 Rd8 20. Nxc6 bxc6
21. Qc3 Qf6 22. Be2 Bd7 23. Bf3 a5 24. Rfe1 a4 25. Re5 Be8 26. Rc5 Ra6 27. h3
Kg8 28. Rc4 Rb8 29. Rb4 Qd8 30. Rc4 Qd6 31. Rd2 Rb5 32. Rc5 1/2-1/2

[Event "4. Moscu Open 2008"]
[Site "Moscu RUS"]
[Date "2008.02.02"]
[Round "1.25"]
[White "Burmakin, Vladimir"]
[Black "Ahmed, Sk. Nasir"]
[Result "1-0"]
[WhiteElo "2611"]
[BlackElo "2379"]
[PlyCount "92"]
[EventDate "2008.02.02"]
[EventType "swiss"]
[EventRounds "9"]
[EventCountry "RUS"]
[Source "lmi"]
[SourceDate "2008.02.02"]

1. d4 Nf6 2. g3 e6 3. Bg2 d5 4. Nf3 Be7 5. O-O O-O 6. c4 c6 7. b3 b6 8. Bb2 Bb7
9. Nc3 Nbd7 10. Qd3 Rc8 11. Rfd1 Bb4 12. a3 Bxc3 13. Qxc3 Ne4 14. Qe3 f5 15.
Ne1 Qf6 16. Nd3 h6 17. f3 Nd6 18. Rac1 Nf7 19. a4 Rfe8 20. Qd2 Qg5 21. e4 Nf6
22. Nf2 c5 23. Qxg5 hxg5 24. cxd5 fxe4 25. dxe6 Rxe6 26. fxe4 cxd4 27. Rxc8+
Bxc8 28. Bxd4 Bb7 29. e5 Bxg2 30. Kxg2 Nd7 31. Ng4 Nh6 32. Kf3 Kf7 33. Be3
Nxe5+ 34. Nxe5+ Rxe5 35. Rd7+ Kg6 36. Rxa7 Re6 37. Ra6 Rf6+ 38. Ke2 Kh5 39.
Rxb6 Rf7 40. h3 g4 41. hxg4+ Kxg4 42. Bxh6 gxh6 43. Rxh6 Rb7 44. b4 Kxg3 45. b5
Kf4 46. Kd3 Ke5 1-0

[Event "4. Moscu Open 2008"]
[Site "Moscu RUS"]
[Date "2008.02.02"]
[Round "1.27"]
[White "Vitiugov, Nikita"]
[Black "Gagarin, Vasilij"]
[Result "1-0"]
[WhiteElo "2609"]
[BlackElo "2378"]
[PlyCount "81"]
[EventDate "2008.02.02"]
[EventType "swiss"]
[EventRounds "9"]
[EventCountry "RUS"]
[Source "lmi"]
[SourceDate "2008.02.02"]

1. d4 d5 2. c4 c6 3. Nf3 Nf6 4. Nc3 e6 5. Qd3 dxc4 6. Qxc4 b5 7. Qd3 Be7 8. e4
b4 9. Na4 Ba6 10. Qc2 Bxf1 11. Rxf1 O-O 12. Be3 Nfd7 13. Nc5 Nxc5 14. dxc5 Qa5
15. b3 Nd7 16. Rc1 Rab8 17. Ke2 Qb5+ 18. Qc4 Bxc5 19. Qxb5 Rxb5 20. Rfd1 Bxe3
21. Kxe3 Nb8 22. Rd2 e5 23. Ne1 g6 24. Rdc2 f6 25. Rc5 Rb6 26. Nd3 Rf7 27. h4
h5 28. R1c4 Rfb7 29. f3 Kf8 30. g3 Ke8 31. f4 exf4+ 32. gxf4 Kd8 33. f5 Nd7 34.
fxg6 Nxc5 35. Nxc5 Re7 36. g7 Re8 37. Rd4+ Kc8 38. Rd7 Rb5 39. Rf7 Rxc5 40. Rf8
Rc3+ 41. Kf4 1-0

[Event "4. Moscu Open 2008"]
[Site "Moscu RUS"]
[Date "2008.02.02"]
[Round "1.28"]
[White "Hambardzumian, Yuri"]
[Black "Fedorov, Alexei"]
[Result "1/2-1/2"]
[WhiteElo "2378"]
[BlackElo "2607"]
[PlyCount "105"]
[EventDate "2008.02.02"]
[EventType "swiss"]
[EventRounds "9"]
[EventCountry "RUS"]
[Source "lmi"]
[SourceDate "2008.02.02"]

1. e4 c5 2. Nf3 e6 3. d4 cxd4 4. Nxd4 a6 5. Nc3 b5 6. Be2 Bb7 7. O-O b4 8. Na4
Bxe4 9. Bf3 d5 10. Nxe6 fxe6 11. Bxe4 dxe4 12. Qh5+ g6 13. Qe5 Nf6 14. Qxe6+
Qe7 15. Qc8+ Kf7 16. Rd1 Bg7 17. Qc4+ Qe6 18. Qc7+ Nbd7 19. Nc5 Qg4 20. Be3
Rhc8 21. Qb7 Rab8 22. Qa7 Rxc5 23. Bxc5 Rb5 24. h3 Qe6 25. Rd6 Rxc5 26. Rxe6
Kxe6 27. Qxa6+ Ke7 28. Qa4 Nd5 29. Re1 Bxb2 30. Rxe4+ Kd6 31. Qa6+ Kc7 32. Qa7+
Kd8 33. Qa8+ Kc7 34. Re8 N5b6 35. Qd8+ Kd6 36. Re2 g5 37. Qe7+ Kc6 38. Qxh7 Ne5
39. g3 Nbc4 40. Kg2 Nd6 41. Qe7 Nef7 42. Qe6 Bc3 43. Qb3 Ra5 44. Re7 Ne5 45.
Qe6 Nec4 46. Qd7+ Kd5 47. Qe6+ Kc6 48. Qd7+ Kd5 49. h4 Rxa2 50. Re2 gxh4 51.
Qe6+ Kc5 52. gxh4 Ra8 53. Qg6 1/2-1/2